Govt. of
Madhya Pradesh

Gepgraphy of India ( The Gist of NCERT) VI -XII (Record no. 62384)

MARC details
000 -LEADER
fixed length control field 00377nam a22001457a 4500
003 - CONTROL NUMBER IDENTIFIER
control field MACL
005 - DATE AND TIME OF LATEST TRANSACTION
control field 20200312124038.0
008 - FIXED-LENGTH DATA ELEMENTS--GENERAL INFORMATION
fixed length control field 200312b xxu||||| |||| 00| 0 eng d
040 ## - CATALOGING SOURCE
Transcribing agency MACL
100 ## - MAIN ENTRY--PERSONAL NAME
Personal name Barnwal,Mahesh Kumar
9 (RLIN) 78624
245 ## - TITLE STATEMENT
Title Gepgraphy of India ( The Gist of NCERT) VI -XII
260 ## - PUBLICATION, DISTRIBUTION, ETC. (IMPRINT)
Place of publication, distribution, etc. Delhi
Name of publisher, distributor, etc. Cosmos
Date of publication, distribution, etc. 2020
650 ## - SUBJECT ADDED ENTRY--TOPICAL TERM
Topical term or geographic name as entry element Geography
9 (RLIN) 78625
942 ## - ADDED ENTRY ELEMENTS (KOHA)
Source of classification or shelving scheme
Koha item type Books
Holdings
Withdrawn status Lost status Source of classification or shelving scheme Damaged status Not for loan Home library Current library Date acquired Cost, normal purchase price Total Checkouts Full call number Barcode Date last seen Date last checked out Price effective from Koha item type Total Renewals
          MACL MACL 12/03/2020 399.00 6 910 GCLC00380 19/11/2025 16/11/2025 12/03/2020 Books  
          MACL MACL 12/03/2020 399.00 2 910 GCLC00379 12/02/2026 04/02/2026 12/03/2020 Books  
          MACL MACL 12/03/2020 399.00 7 910 GCLC00378 07/06/2024 28/05/2024 12/03/2020 Books